000 00825nam a2200277 i 4500
001 000025488
003 DO-SdBNP
005 20230628094559.0
007 ta
008 110217s1984 dr 000 0 spa d
040 _aDO-SdBNP
_bspa
_cBNPHU
_erda
082 4 _aCh863.4
_bB695a
_222
100 1 _aBombal, María Luisa
_952131
_d1910-1980
245 1 3 _aLa amortajada /
_cMaría Luisa Bombal.
264 _aSanto Domingo :
_bAlfa y Omega,
_c1984.
300 _a143 páginas ;
_c19 cm.
336 _2rdacontent
_atexto
_btxt
337 _2rdamedia
_asin mediación
_bn
338 _2rdacarrier
_avolumen
_bnc
500 _aEdición Argentina
590 _aInventariado, 2023/MFF
650 4 _aNovela chilena
_93163
650 4 _aLiteratura chilena
_93164
910 _aValidado. Control de calidad MFF
942 _2ddc
_cLBS1
999 _c24980
_d24980